000 00999nam a2200229 i 4500
001 68393
003 ES-MaACL
005 20251109144904.0
007 t|
008 940202m18441846sp ||||1| spa d
040 _aCAM
_bspa
100 1 _aGarcia Goyena, Florencio.
_9206357
245 1 0 _aFebrero, o Librería de jueces, abogados y escribanos
_b: comprensiva de los Códigos civil, criminal y administrativo, tanto en la parte teorica como en la practica, con arreglo en un todo a la legislacion hoy vigente /
_cpor Florencio Garcia Goyena... y Joaquin Aguirre.
250 _a2ª ed.
_bcorr. y aum. por... Joaquín Aguirre y Juan Manuel Montalban.
260 _aMadrid :
_b[s.n.],
_c1844-1846 (
_fImp. de Ignacio Boix)
300 _a11 v. ;
_c24 cm.
700 1 _aMontalbán, Juan Manuel,
_d1806-1889
_982337
700 1 _aAguirre, Joaquín,
_d1807-1869
_9160954
740 0 _aLibrería de jueces, abogados y escribanos.
852 _aES-MaACL
_jC-2587-97
999 _c68393
_d68393